| 000 | 00000nam 2200000za 4500 |
| 001 | 9.854754 |
| 003 | CaOODSP |
| 005 | 20221107155133 |
| 007 | cr ||||||||||| |
| 008 | 180405s2016 quc o f000 0 eng d |
| 020 | |a9780660261492 |
| 040 | |aCaOODSP|beng |
| 041 | |aeng|bfre |
| 043 | |an-cn--- |
| 086 | 1 |aSC103-38/9-2016E-PDF |
| 245 | 00|aC256 - preparation for the English as a second language evaluation, written expression 1 and 2 |h[electronic resource]. |
| 246 | 30|aPreparation for the English as a second language evaluation, written expression 1 and 2 |
| 260 | |a[Gatineau, QC] : |bCanada School of Public Service, Learning Programs Branch, Language Training Division, Product Development, |c2016. |
| 300 | |aviii, 103 p. |
| 500 | |aCover title. |
| 500 | |a"June 2016." |
| 546 | |aIncludes text in French. |
| 692 | 07|2gccst|aEnglish second language |
| 692 | 07|2gccst|aSecond language assessment |
| 692 | 07|2gccst|aInstructional materials |
| 710 | 2 |aCanada School of Public Service. |bProduct Development. |
| 795 | |tC256 - Preparation for the English as a second language evaluation. |w(CaOODSP)9.801031 |
| 856 | 40|qPDF|s1.30 MB|uhttps://publications.gc.ca/collections/collection_2018/efpc-csps/SC103-38-9-2016-eng.pdf |